000 004130000a22001690004500
003 MACL
005 20160103113630.0
008 160103b xxu||||| |||| 00| 0 eng d
040 _aMACL
_cMACL
041 _aEnglish
082 _a800/MOH
100 _aMohl, Par Jules
_927529
245 _aLe Liver Des Rois
260 _bImprimerie Nationale
_aParis
650 _aLiterature
_927544
942 _cBK
_k800/MOH
_2ddc
999 _c39397
_d39397